Fronteras/ (Record no. 3822)

MARC details
000 -LEADER
campo de control de longitud fija 01451nam a22003497a 4500
003 - IDENTIFICADOR DE NÚMERO DE CONTROL
campo de control OSt
005 - FECHA Y HORA DE LA ÚLTIMA TRANSACCIÓN
campo de control 20230608102211.0
008 - DATOS DE LONGITUD FIJA--INFORMACIÓN GENERAL
campo de control de longitud fija 221006b |||||||| |||| 00| 0 eng d
040 ## - FUENTE DE CATALOGACIÓN
Centro/agencia transcriptor Biblioteca Lado V
082 ## - NÚMERO DE LA CLASIFICACIÓN DECIMAL DEWEY
Número de clasificación 800
Número de ítem C823f
100 ## - ENTRADA PRINCIPAL--NOMBRE DE PERSONA
9 (RLIN) 848
Nombre de persona Corrales Arias, Adriano
Término indicativo de función/relación director
245 ## - MENCIÓN DEL TÍTULO
Título Fronteras/
260 ## - PUBLICACIÓN, DISTRIBUCIÓN, ETC.
Lugar de publicación, distribución, etc. Instituto Tecnológico de Costa Rica
Fecha de publicación, distribución, etc. 2003
Nombre del editor, distribuidor, etc. Costa Rica
300 ## - DESCRIPCIÓN FÍSICA
Dimensiones 21.5x31cm
Extensión 60p.
366 ## - INFORMACIÓN SOBRE DISPONIBILIDAD COMERCIAL
Nota spa
490 ## - MENCIÓN DE SERIE
Mención de serie 12
Designación de volumen o secuencia 2003
Número Internacional Normalizado para Publicaciones Seriadas 1409-0236
505 ## - NOTA DE CONTENIDO CON FORMATO
Título EDITORIAL
505 ## - NOTA DE CONTENIDO CON FORMATO
Título Tertulia
Nota de contenido con formato Entrevista a Ray Tico
505 ## - NOTA DE CONTENIDO CON FORMATO
Título Reflexiones
Nota de contenido con formato El héroe nacional costarricense: de Juan Santamaria a Frankling Chang<br/><br/>El Ojo de Circe<br/><br/>El libro que ya no se escribió<br/><br/>Retrospectiva del lenguaje audiovisual<br/><br/>
505 ## - NOTA DE CONTENIDO CON FORMATO
Título Comunidades
Nota de contenido con formato Completamente Inmaculada<br/><br/>La ceremonia del mapache<br/><br/>Sobre Cuentos de San Jose Oculto<br/><br/>
505 ## - NOTA DE CONTENIDO CON FORMATO
Título Trapiche
Nota de contenido con formato Poesia<br/><br/>Cuento
505 ## - NOTA DE CONTENIDO CON FORMATO
Título ADUANA
505 ## - NOTA DE CONTENIDO CON FORMATO
Título A la tica
Nota de contenido con formato Homenaje a Francisco "Chico" Zuñiga
650 ## - PUNTO DE ACCESO ADICIONAL DE MATERIA--TÉRMINO DE MATERIA
Fuente del encabezamiento o término Tesauro de Arte & Arquitectura
Término de materia o nombre geográfico como elemento de entrada LITERATURA
9 (RLIN) 703
650 ## - PUNTO DE ACCESO ADICIONAL DE MATERIA--TÉRMINO DE MATERIA
Fuente del encabezamiento o término Tesauro de Arte & Arquitectura
Término de materia o nombre geográfico como elemento de entrada NARRATIVA
9 (RLIN) 702
650 ## - PUNTO DE ACCESO ADICIONAL DE MATERIA--TÉRMINO DE MATERIA
Fuente del encabezamiento o término Tesauro de Arte & Arquitectura
Término de materia o nombre geográfico como elemento de entrada CUENTO
9 (RLIN) 702
650 ## - PUNTO DE ACCESO ADICIONAL DE MATERIA--TÉRMINO DE MATERIA
Fuente del encabezamiento o término Tesauro de Arte & Arquitectura
Término de materia o nombre geográfico como elemento de entrada POESIA
650 ## - PUNTO DE ACCESO ADICIONAL DE MATERIA--TÉRMINO DE MATERIA
Fuente del encabezamiento o término Tesauro de Arte & Arquitectura
Término de materia o nombre geográfico como elemento de entrada COSTA RICA
650 ## - PUNTO DE ACCESO ADICIONAL DE MATERIA--TÉRMINO DE MATERIA
Fuente del encabezamiento o término Tesauro de Arte & Arquitectura
Término de materia o nombre geográfico como elemento de entrada CULTURA
700 ## - ENTRADA AGREGADA--NOMBRE PERSONAL
Nombre de persona Navarreta, Jose Antonio
Término indicativo de función/relación editor
942 ## - ELEMENTOS DE ENTRADA SECUNDARIOS (KOHA)
Fuente del sistema de clasificación o colocación Clasificación Decimal Dewey
Tipo de ítem Koha Libros
Parte de la signatura que corresponde a la clasificación (Parte de la clasificación) 800
Parte de la signatura que identifica el ejemplar (Parte del ítem) C823f
Suprimir en OPAC No
Holdings
Estatus retirado Estado de pérdida Fuente del sistema de clasificación o colocación Especificación de materiales (volumen encuadernado u otra parte) Estado de daño No para préstamo Colección Biblioteca de origen Biblioteca actual Fecha de adquisición Enumeración/cronología de publicación seriada Número de inventario Total de préstamos Signatura topográfica completa Código de barras Visto por última vez Precio de reemplazo Tipo de ítem Koha
    Clasificación Decimal Dewey 2003     Revistas Biblioteca LadoV Biblioteca LadoV 08/06/2023 12 003386   800 C823f 003386 08/06/2023 08/06/2023 Libros